Normal view
MARC view
Entry Personal Name
001 - CONTROL NUMBER
- control field: 3135
003 - CONTROL NUMBER IDENTIFIER
- control field: ARRUPE
005 - DATE AND TIME OF LATEST TRANSACTION
- control field: 20131104170651.0
008 - FIXED-LENGTH DATA ELEMENTS
- fixed length control field: 131104|| aca||aabn | a|a d
040 ## - CATALOGING SOURCE
- Original cataloging agency: ARRUPE
- Transcribing agency: ARRUPE
100 ## - HEADING--PERSONAL NAME
- Personal name: Ignatius,
- Titles and other words associated with a name: Saint, Bishop of Antioch,
- Dates associated with a name: -approximately 110.
670 ## - SOURCE DATA FOUND
- Source citation: Work cat.: (ARRUPE)0: Robinson, Thomas A. (Thomas Arthur), 1951- 3134, Ignatius of Antioch and the parting of the ways :, 2009.